Eastern Utah Libraries Catalog: Duchesne, Heber, Roosevelt, & Vernal

The storm dragon / (Record no. 375894)

MARC details
000 -LEADER
fixed length control field 03842nam a2200685 i 4500
001 - CONTROL NUMBER
control field 3132932
005 - DATE AND TIME OF LATEST TRANSACTION
control field 20220801110009.0
008 - FIXED-LENGTH DATA ELEMENTS--GENERAL INFORMATION
fixed length control field 170223s2017 nyua c 000 1 eng d
020 ## - INTERNATIONAL STANDARD BOOK NUMBER
International Standard Book Number 9781481476089 :
Terms of availability $16.99
020 ## - INTERNATIONAL STANDARD BOOK NUMBER
International Standard Book Number 1481476084 :
Terms of availability $16.99
020 ## - INTERNATIONAL STANDARD BOOK NUMBER
Cancelled/invalid ISBN 9781481476096
020 ## - INTERNATIONAL STANDARD BOOK NUMBER
International Standard Book Number 9781481476072
035 ## - SYSTEM CONTROL NUMBER
System control number (OCoLC)951070619
035 ## - SYSTEM CONTROL NUMBER
System control number (OCoLC)ocn951070619
035 ## - SYSTEM CONTROL NUMBER
System control number 2864699
035 ## - SYSTEM CONTROL NUMBER
System control number 2864699
040 ## - CATALOGING SOURCE
Original cataloging agency PABRO
Language of cataloging eng
Transcribing agency PABRO
Description conventions rda
050 #4 - LIBRARY OF CONGRESS CALL NUMBER
Classification number PZ7.H256137
Item number Sto 2017
082 04 - DEWEY DECIMAL CLASSIFICATION NUMBER
Classification number [Fic]
Edition number 23
092 ## - LOCALLY ASSIGNED DEWEY CALL NUMBER (OCLC)
Classification number F
999 ## - SYSTEM CONTROL NUMBERS (KOHA)
Koha Dewey Subclass [OBSOLETE] F
100 1# - MAIN ENTRY--PERSONAL NAME
Personal name Harrison, Paula,
Relator term author.
245 14 - TITLE STATEMENT
Title The storm dragon /
Statement of responsibility, etc by Paula Harrison ; illustrated by Sophy Williams.
264 #1 - Production, Publication, Distribution, Manufacture, and Copyright Notice.
Place of production, publication, distribution, manufacture New York :
Name of producer, publisher, distributor, manufacturer Aladdin,
Date of production, publication, distribution, manufacture, or copyr 2017.
300 ## - PHYSICAL DESCRIPTION
Extent 117 pages :
Other physical details illustrations ;
Dimensions 22 cm
336 ## - Content Type
Content type term text
337 ## - Media type
Media type term unmediated
338 ## - Carrier type
Carrier type term volume
490 1# - SERIES STATEMENT
Series statement The secret rescuers ;
Volume number/sequential designation 1
520 ## - SUMMARY, ETC.
Summary, etc Sophy finds a dragon and decides to protect it from the queen and captain of the guard who are hunting it. She realizes there are other magical creatures in danger as well and makes it her mission to save all of them.
521 1# - TARGET AUDIENCE NOTE
Target audience note 7-10
Source Brodart.
521 2# - TARGET AUDIENCE NOTE
Target audience note 2-5
Source Brodart.
526 0# - STUDY PROGRAM INFORMATION NOTE
Program name Accelerated Reader
Interest level LG
Reading level 4.5
Title point value 2
Public note 189943.
650 #0 - SUBJECT ADDED ENTRY--TOPICAL TERM
Topical term or geographic name as entry element Magic
Form subdivision Juvenile fiction.
9 (RLIN) 5673690
650 #0 - SUBJECT ADDED ENTRY--TOPICAL TERM
Topical term or geographic name as entry element Dragons
Form subdivision Juvenile fiction.
9 (RLIN) 5673921
650 #0 - SUBJECT ADDED ENTRY--TOPICAL TERM
Topical term or geographic name as entry element Friendship
Form subdivision Juvenile fiction.
9 (RLIN) 5673647
650 #1 - SUBJECT ADDED ENTRY--TOPICAL TERM
Topical term or geographic name as entry element Magic
Form subdivision Fiction.
9 (RLIN) 5673694
650 #1 - SUBJECT ADDED ENTRY--TOPICAL TERM
Topical term or geographic name as entry element Dragons
Form subdivision Fiction.
9 (RLIN) 5673926
650 #1 - SUBJECT ADDED ENTRY--TOPICAL TERM
Topical term or geographic name as entry element Friendship
Form subdivision Fiction.
9 (RLIN) 5673769
650 #7 - SUBJECT ADDED ENTRY--TOPICAL TERM
Topical term or geographic name as entry element JUVENILE FICTION / Animals / Dragons, Unicorns & Mythical
Source of heading or term bisacsh
9 (RLIN) 5718790
650 #7 - SUBJECT ADDED ENTRY--TOPICAL TERM
Topical term or geographic name as entry element JUVENILE FICTION / Fantasy & Magic
Source of heading or term bisacsh
9 (RLIN) 5675426
650 #7 - SUBJECT ADDED ENTRY--TOPICAL TERM
Topical term or geographic name as entry element JUVENILE FICTION / Legends, Myths, Fables / General.
Source of heading or term bisacsh
9 (RLIN) 5718194
700 1# - ADDED ENTRY--PERSONAL NAME
Personal name Williams, Sophy,
Relator term illustrator.
9 (RLIN) 36517
787 0# - NONSPECIFIC RELATIONSHIP ENTRY
Note OCLC Work Id
Other item identifier http://worldcat.org/entity/work/id/2551596558
800 1# - SERIES ADDED ENTRY--PERSONAL NAME
Personal name Harrison, Paula.
Title of a work Secret rescuers ;
Volume/sequential designation 1.
9 (RLIN) 5795338
942 ## - ADDED ENTRY ELEMENTS (KOHA)
Source of classification or shelving scheme Dewey Decimal Classification
Koha item type BOOK
948 ## - LOCAL PROCESSING INFORMATION (OCLC); SERIES PART DESIGNATOR (RLIN)
Series part designator, SPT (RLIN) CCL
b (OCLC) CHILDREN'S
p (OCLC) X122831522
k (OCLC) J
h (OCLC) F
f (OCLC) 1
r (OCLC) 2
g (OCLC) 1
7 (OCLC) 0
u (OCLC) 3
w (OCLC) 11
s (OCLC) 0
o (OCLC) CCL
0 (OCLC) $16.99
y (OCLC) 99
c (OCLC) 26
j (OCLC) Dewey Decimal
n (OCLC) On-Order
e (OCLC) 1921912-1
9 (OCLC) Item generated Jun 25 2021 9:01AM
948 ## - LOCAL PROCESSING INFORMATION (OCLC); SERIES PART DESIGNATOR (RLIN)
Series part designator, SPT (RLIN) BFP
b (OCLC) CHILDREN'S
p (OCLC) X120211248
k (OCLC) J
h (OCLC) F
f (OCLC) 1
r (OCLC) 2
g (OCLC) 1
7 (OCLC) 0
u (OCLC) 3
w (OCLC) 11
s (OCLC) 0
o (OCLC) BFP
0 (OCLC) $16.99
y (OCLC) 99
c (OCLC) 26
j (OCLC) Dewey Decimal
n (OCLC) On-Order
e (OCLC) 1562932-1
9 (OCLC) Item generated Jul 18 2019 3:07PM
948 ## - LOCAL PROCESSING INFORMATION (OCLC); SERIES PART DESIGNATOR (RLIN)
Series part designator, SPT (RLIN) CCL
b (OCLC) CHILDREN'S
p (OCLC) X117608836
k (OCLC) J
h (OCLC) F
f (OCLC) 1
r (OCLC) 2
g (OCLC) 1
7 (OCLC) 0
u (OCLC) 3
w (OCLC) 11
s (OCLC) 0
o (OCLC) CCL
0 (OCLC) $16.99
y (OCLC) 99
c (OCLC) 26
j (OCLC) Dewey Decimal
n (OCLC) On-Order
e (OCLC) 1258530-1
9 (OCLC) Item generated Aug 1 2017 9:17AM
948 ## - LOCAL PROCESSING INFORMATION (OCLC); SERIES PART DESIGNATOR (RLIN)
Series part designator, SPT (RLIN) BFP
b (OCLC) CHILDREN'S
p (OCLC) X117608844
k (OCLC) J
h (OCLC) F
f (OCLC) 1
r (OCLC) 2
g (OCLC) 1
7 (OCLC) 0
u (OCLC) 3
w (OCLC) 11
s (OCLC) 0
o (OCLC) BFP
0 (OCLC) $16.99
y (OCLC) 99
c (OCLC) 26
j (OCLC) Dewey Decimal
n (OCLC) On-Order
e (OCLC) 1258530-7
9 (OCLC) Item generated Aug 1 2017 9:17AM
948 ## - LOCAL PROCESSING INFORMATION (OCLC); SERIES PART DESIGNATOR (RLIN)
Series part designator, SPT (RLIN) BGP
b (OCLC) CHILDREN'S
p (OCLC) X117608851
k (OCLC) J
h (OCLC) F
f (OCLC) 1
r (OCLC) 2
g (OCLC) 1
7 (OCLC) 0
u (OCLC) 3
w (OCLC) 11
s (OCLC) 0
o (OCLC) BGP
0 (OCLC) $16.99
y (OCLC) 99
c (OCLC) 26
j (OCLC) Dewey Decimal
n (OCLC) On-Order
e (OCLC) 1258530-2
9 (OCLC) Item generated Aug 1 2017 9:17AM
948 ## - LOCAL PROCESSING INFORMATION (OCLC); SERIES PART DESIGNATOR (RLIN)
Series part designator, SPT (RLIN) BHI
b (OCLC) CHILDREN'S
p (OCLC) X117608869
k (OCLC) J
h (OCLC) F
f (OCLC) 1
r (OCLC) 2
g (OCLC) 1
7 (OCLC) 0
u (OCLC) 3
w (OCLC) 11
s (OCLC) 0
o (OCLC) BHI
0 (OCLC) $16.99
y (OCLC) 99
c (OCLC) 26
j (OCLC) Dewey Decimal
n (OCLC) On-Order
e (OCLC) 1258530-5
9 (OCLC) Item generated Aug 1 2017 9:17AM
948 ## - LOCAL PROCESSING INFORMATION (OCLC); SERIES PART DESIGNATOR (RLIN)
Series part designator, SPT (RLIN) BAP
b (OCLC) CHILDREN'S
p (OCLC) X117608877
k (OCLC) J
h (OCLC) F
f (OCLC) 1
r (OCLC) 2
g (OCLC) 1
7 (OCLC) 0
u (OCLC) 3
w (OCLC) 11
s (OCLC) 0
o (OCLC) BAP
0 (OCLC) $16.99
y (OCLC) 99
c (OCLC) 26
j (OCLC) Dewey Decimal
n (OCLC) On-Order
e (OCLC) 1258530-4
9 (OCLC) Item generated Aug 1 2017 9:17AM
948 ## - LOCAL PROCESSING INFORMATION (OCLC); SERIES PART DESIGNATOR (RLIN)
Series part designator, SPT (RLIN) BFG
b (OCLC) CHILDREN'S
p (OCLC) X117608885
k (OCLC) J
h (OCLC) F
f (OCLC) 1
r (OCLC) 2
g (OCLC) 1
7 (OCLC) 0
u (OCLC) 3
w (OCLC) 11
s (OCLC) 0
o (OCLC) BFG
0 (OCLC) $16.99
y (OCLC) 99
c (OCLC) 26
j (OCLC) Dewey Decimal
n (OCLC) On-Order
e (OCLC) 1258530-3
9 (OCLC) Item generated Aug 1 2017 9:17AM
948 ## - LOCAL PROCESSING INFORMATION (OCLC); SERIES PART DESIGNATOR (RLIN)
Series part designator, SPT (RLIN) BKR
b (OCLC) CHILDREN'S
p (OCLC) X117608893
k (OCLC) J
h (OCLC) F
f (OCLC) 1
r (OCLC) 2
g (OCLC) 1
7 (OCLC) 0
u (OCLC) 3
w (OCLC) 11
s (OCLC) 0
o (OCLC) BKR
0 (OCLC) $16.99
y (OCLC) 99
c (OCLC) 26
j (OCLC) Dewey Decimal
n (OCLC) On-Order
e (OCLC) 1258530-6
9 (OCLC) Item generated Aug 1 2017 9:17AM
Holdings
Withdrawn status Lost status Source of classification or shelving scheme Damaged status Not for loan Collection code Home library Current library Shelving location Date acquired Source of acquisition Serial Enumeration / chronology Total Checkouts Total Renewals Full call number Barcode Date last seen Date checked out Cost, replacement price Price effective from Koha item type
    Dewey Decimal Classification     Junior Fiction Wasatch County Library Wasatch County Library Main Floor Junior Area 01/06/2023 Amazon #1 Secret Rescuers 6 6 J Harrison 34301001853334 11/21/2024 11/12/2024 5.99 01/06/2023 BOOK
This project was made possible through a grant from the Institute of Museum and Library Service administered by the Utah State Library Division.

Wasatch County Library

  • 465 East 1200 South, Heber City, Utah 84032
  • Phone 435-654-1511 | Fax 435-654-6456

Hours

  • Monday - Friday 9:30 AM - 8:00 PM
  • Saturday 9:30 AM - 1:30 PM
  • Closed Sundays and Holidays